LEADER 00538naa a2200145 i 4500 001 000000295820 003 CaOOAMICUS 005 20180831172533.0 008 180831n xx u000 u und u 013 $a3191 040 $aSeMil$bita 100 1 $aRota, Livio.$0(OLS)http://semarc/name/20946 245 10$aAppunti intorno alla visita pastorale di mons. Giacinto Gaggia. 650 4$aBrescia (Diocesi) - Storia.$0(OLS)http://semarc/subject/1674 996 $6245$aAppunti intorno alla visita pastorale di mons. Giacinto Gaggia$9(OLS)http://semarc/title/371879 LEADER 00787naa a2200157 i 4500 001 000000318802 003 CaOOAMICUS 005 20180831173255.0 008 180831n it u000 u ita u 013 $a28376 040 $aSeMil$bita 100 1 $aDamiano, Elio.$0(OLS)http://semarc/name/16183 245 10$aPiaget russoiano? Il tema autorità/libertà in alcuni scritti pedagogici dell'epistemologo ginevrino. 650 4$aPiaget, Jean - Pensiero pedagogico.$0(OLS)http://semarc/subject/28061 773 0 $tAutorità e libertà.$dMilano : V&P, 2011.$kUniversità. Pedagogia e scienze dell'educazione. Ricerche$z978-88-343-2017-4$gp.379-390$w()207909 996 $6245$aPiaget russoiano? Il tema autorità/libertà in alcuni scritti pedagogici dell'epistemologo ginevrino$9(OLS)http://semarc/title/392613